[Event "12th Asrian Memorial 2019"]
[Site "Yerevan"]
[Date "2019.06.16"]
[Round "6.7"]
[White "Harutyunian, Tigran K."]
[Black "Hoghmrtsyan, Artur"]
[Result "1-0"]
[WhiteElo "2552"]
[BlackElo "2309"]
[Annotator "TA"]
[PlyCount "51"]
[EventDate "2019.06.11"]
[EventType "swiss"]
[EventCountry "ARM"]
[SourceTitle "playchess.com"]
[Source "ChessBase"]
[SourceQuality "1"]

{[%evp 12,51,0,0,0,0,0,0,41,0,37,-14,24,17,77,61,93,88,100,79,298,272,442,413,414,399,370,353,337,210,221,214,303,313,311,293,305,301,272,296,423,413]} 1. c4 e6 2. Nc3 d5 3. d4 Be7 4. Nf3 Nf6 5. g3 O-O 6. Bg2 dxc4 7. Ne5 Qd6 {E06: Closed Catalan: Early deviations} 8. O-O Qa6 9. a4 c6 {The position is equal.} 10. e4 {[%mdl 1024] White has compensation.} Rd8 $146 ({Predecessor:} 10... Nbd7 11. f4 b5 12. axb5 Qxa1 13. Nxc6 Re8 14. Qe2 a6 15. Be3 axb5 16. Rxa1 Rxa1+ {½-½ (29) Sarana,A (2577)-Karjakin,S (2763) Moscow 2018}) 11. Be3 (11. Bg5 $14) 11... Nbd7 {[#] And now ...Nxe5 would win.} (11... c5 $5) 12. f4 Ne8 (12... Nc5 $11 {keeps the balance.}) 13. Qe2 $36 {[%mdl 2048] White has good play.} (13. Qh5 $5 {[%cal Rh5f7]} Nd6 14. g4 $14) 13... Nd6 14. g4 Qa5 15. Nf3 ({Of course not} 15. Nxc4 Nxc4 16. Qxc4 b6 $14) 15... c5 $2 (15... f6 $16) 16. d5 $18 exd5 $2 (16... Nf6) 17. Nxd5 Bf8 18. Bd2 c3 19. Bxc3 Qa6 20. Qxa6 bxa6 {[#]} 21. e5 $1 {[%cal Re5d6]} Nc4 (21... Ne4 {might work better.} 22. Ba5 Nb6) 22. b3 Ncb6 23. Nc7 Rb8 24. a5 Na8 25. Nxa8 Rxa8 (25... Rxb3 $142 26. Rac1 Bb7) 26. Ng5 {Accuracy: White = 71%, Black = 36%.} 1-0

[Event "12th Asrian Memorial 2019"]
[Site "Yerevan"]
[Date "2019.06.16"]
[Round "6.8"]
[White "Gholami Orimi, Mahdi"]
[Black "Dilanyan, Grigor"]
[Result "1-0"]
[WhiteElo "2445"]
[BlackElo "2294"]
[Annotator "NA"]
[PlyCount "89"]
[EventDate "2019.06.11"]
[EventType "swiss"]
[EventCountry "ARM"]
[SourceTitle "playchess.com"]
[Source "ChessBase"]
[SourceQuality "1"]
[TimeControl "40/5400+30:1800+30"]

1. d4 {[%emt 0:00:00]} Nf6 {[%emt 0:00:41]} 2. c4 {[%emt 0:00:00]} e6 {[%emt 0:00:20]} 3. Nf3 {[%emt 0:00:00]} c5 {[%emt 0:00:29]} 4. d5 {[%emt 0:00:28]} d6 {[%emt 0:00:53]} 5. Nc3 {[%emt 0:00:26]} g6 {[%emt 0:03:08]} 6. g3 {[%emt 0:01:41]} exd5 {[%emt 0:03:51]} 7. cxd5 {[%emt 0:00:02]} Bg7 {[%emt 0:00:06]} 8. Bg2 {[%emt 0:00:08]} O-O {[%emt 0:01:00]} 9. O-O {[%emt 0:00:02]} a6 {[%emt 0:02:06]} 10. a4 {[%emt 0:00:06]} Nbd7 {[%emt 0:00:18]} 11. Nd2 {[%emt 0:01:40]} Ne8 {[%emt 0:13:22]} 12. h3 {[%emt 0:03:56]} f5 {[%emt 0:01:33]} 13. e4 $11 {[%emt 0:09:56]} Ne5 {[%emt 0:17:45]} 14. Qc2 {[%emt 0:15:09]} f4 {[%emt 0:02:53]} 15. gxf4 {[%emt 0:00:51]} Rxf4 {[%emt 0:00:15]} 16. Ne2 {[%emt 0:00:07]} Rh4 {[%emt 0:02:02]} 17. Ra3 {[%emt 0:03:18]} g5 {[%emt 0:11:41]} 18. f4 {[%emt 0:13:20]} gxf4 {[%emt 0:05:00]} 19. Nxf4 {[%emt 0:00:29]} Qe7 {[%emt 0:05:01]} 20. Qd1 {[%emt 0:08:42]} Nf6 {[%emt 0:01:18]} 21. Nf3 {[%emt 0:08:41]} Nxf3+ {[%emt 0:00:50]} 22. Qxf3 {[%emt 0:03:58]} Bd7 {[%emt 0:00:13]} 23. Ne6 {[%emt 0:09:09]} Nxe4 {[%emt 0:23:21]} 24. Re3 {[%emt 0:01:20]} Bxe6 {[%emt 0:01:41]} 25. Rxe4 {[%emt 0:00:52]} Bd4+ {[%emt 0:02:02]} 26. Kh1 {[%emt 0:05:06]} Bxh3 {[%emt 0:00:31]} 27. Rxh4 {[%emt 0:00:25]} Qxh4 {[%emt 0:00:09]} 28. Qxh3 {[%emt 0:02:34]} Qxh3+ {[%emt 0:00:10]} 29. Bxh3 {[%emt 0:00:01]} b5 {[%emt 0:00:01]} 30. a5 {[%emt 0:00:01]} Kg7 {[%emt 0:00:12]} 31. Be6 {[%emt 0:00:35]} Kg6 {[%emt 0:02:00]} 32. Rf7 {[%emt 0:02:16]} c4 {[%emt 0:00:13]} 33. Kg2 {[%emt 0:03:27]} Rb8 {[%emt 0:00:39]} 34. Rc7 {[%emt 0:03:13]} Rf8 {[%emt 0:00:12]} 35. Rc6 {[%emt 0:00:08]} Rf2+ {[%emt 0:00:19]} 36. Kg3 {[%emt 0:00:05]} Rc2 {[%emt 0:00:52]} 37. Bf4 {[%emt 0:00:03]} Rxb2 {[%emt 0:00:47]} 38. Bxd6 {[%emt 0:00:10]} c3 {[%emt 0:00:26]} 39. Bf4 {[%emt 0:00:59]} c2 {[%emt 0:00:24]} 40. d6 {[%emt 0:00:00]} Bf2+ {[%emt 0:00:00]} 41. Kf3 {[%emt 0:00:20]} Bh4 {[%emt 0:06:42]} 42. d7 {[%emt 0:00:07]} c1=Q {[%emt 0:01:50]} 43. Bxc1 {[%emt 0:01:47]} Rf2+ {[%emt 0:00:15]} 44. Kg4 {[%emt 0:00:39]} Be7 {[%emt 0:02:38]} 45. Bd5+ {[%emt 0:00:38]} 1-0

[Event "12th Asrian Memorial 2019"]
[Site "Yerevan"]
[Date "2019.06.16"]
[Round "6.9"]
[White "Piliposyan, Robert"]
[Black "Shahinyan, David"]
[Result "0-1"]
[WhiteElo "2188"]
[BlackElo "2429"]
[Annotator "TA"]
[PlyCount "82"]
[EventDate "2019.06.11"]
[EventType "swiss"]
[EventCountry "ARM"]
[SourceTitle "playchess.com"]
[Source "ChessBase"]
[SourceQuality "1"]

{[%evp 9,84,25,42,22,28,26,34,22,29,12,29,33,37,26,33,14,14,-14,-19,-89,-83,-125,-125,-125,-121,-182,-183,-196,-148,-199,-208,-213,-209,-204,-197,-189,-179,-231,-218,-245,-247,-253,-247,-283,-283,-274,-263,-276,-279,-279,-281,-270,-262,-262,-240,-240,-231,-240,-240,-240,-240,-297,-293,-283,-290,-286,-268,-660,-657,-641,-641,-638,-616,-560,-539,-29992,-29993]} 1. d4 e6 2. c4 b6 3. e4 Bb7 4. Bd3 Nc6 5. Nf3 Nb4 $1 6. O-O {A40: Unusual replies to 1 d4} Ne7 (6... Nxd3 7. Qxd3 d6 8. Nc3 Nf6 9. d5 Ba6 10. Qc2 Bb7 11. Qa4+ Qd7 12. Nb5 c6 13. dxc6 Bxc6 {0-1 (52) Holt,C (2548)-Nakamura,H (2749) chess.com INT 2019}) 7. Nc3 Nxd3 8. Qxd3 {White is slightly better.} Ng6 9. Bg5 Be7 10. Bxe7 Qxe7 11. d5 d6 $146 ({Predecessor:} 11... O-O 12. Rad1 c6 13. d6 Qf6 {½-½ (65) Dreev,A (2645)-Speelman,J (2625) Geneve 1996}) 12. b4 O-O 13. Rfc1 f5 14. Re1 (14. exf5 $11 Nf4 15. Qe3) 14... Nf4 $17 15. Qd2 fxe4 16. Rxe4 {[#]} Qf6 $1 {Strongly threatening ...Nxg2!} 17. Qd4 (17. Re3 $17 {was worth a try.}) 17... e5 $19 18. Qe3 Bc8 19. g3 (19. Kh1 $17 {keeps fighting.}) 19... Nh3+ {[%mdl 64] Discovered Attack} 20. Kg2 {intending Rh4.} g5 21. Rf1 a5 22. b5 g4 $36 {[%mdl 2048] Black is in control.} 23. Nd2 (23. Nh4 $142) 23... Ng5 24. Qe2 Nxe4 25. Ncxe4 Qh6 26. h4 gxh3+ 27. Kh2 Bd7 28. f3 Rf7 29. Re1 Raf8 30. Qe3 Qg7 31. Rf1 h6 32. Rg1 Kh7 33. g4 Rf4 34. Rg3 Qg6 35. Rxh3 {[#]} Bxg4 $1 36. fxg4 Rxg4 ({Don't take} 36... Qxg4 37. Qd3 $17) 37. Ng3 Rff4 38. Nde4 $2 (38. Kh1) 38... Rxe4 39. Nxe4 Rxe4 {[%mdl 64] Double Attack} 40. Qd3 Rf4 41. Qe2 {[#]} Qf5 {Played: Qg6-e4} 0-1

[Event "12th Asrian Memorial 2019"]
[Site "Yerevan"]
[Date "2019.06.16"]
[Round "6.10"]
[White "Yeritsyan, Hayk"]
[Black "Chibukhchian, Artur"]
[Result "1/2-1/2"]
[WhiteElo "2208"]
[BlackElo "2374"]
[Annotator "TA"]
[PlyCount "29"]
[EventDate "2019.06.11"]
[EventType "swiss"]
[EventCountry "ARM"]
[SourceTitle "playchess.com"]
[Source "ChessBase"]
[SourceQuality "1"]

{[%evp 9,29,7,25,19,22,19,12,-1,58,59,50,57,73,57,78,25,14,31,43,37,41,31]} 1. c4 e5 2. Nc3 Nf6 3. g3 Bb4 4. Bg2 c6 5. Nf3 Qe7 6. O-O {A23: English Opening: 1...e5 2 Nc3 Nf6 3 g3 c6} O-O 7. d4 (7. e4 d6 8. d3 a6 9. Qb3 Bc5 10. Na4 Ba7 11. Nb6 Bxb6 12. Qxb6 {½-½ (43) Nakamura,H (2758)-Caruana,F (2727) Reggio Emilia 2011}) 7... d6 8. c5 $146 {The position is equal.} ({Predecessor:} 8. Qb3 Na6 9. a3 Ba5 10. Qc2 Bg4 11. dxe5 dxe5 12. b4 Bc7 {0-1 (52) Szakolczai,P (2290)-Werner,C (2302) Rapperswil Jona 2010}) 8... Nbd7 ({Black should play} 8... exd4 $11 9. cxd6 Bxd6 10. Qxd4 (10. Nxd4 Rd8 $11) 10... Nbd7) 9. a3 $14 Bxc3 10. cxd6 ({Much weaker is} 10. bxc3 dxc5 11. a4 e4 $15) 10... Qxd6 {[%cal Rc3d4] [#] White must now prevent ...Bxd4.} 11. bxc3 e4 12. Ng5 (12. Bf4 $16 Qe7 13. Nd2) 12... Re8 $11 13. f3 exf3 14. exf3 Qd5 15. Ne4 1/2-1/2

[Event "12th Asrian Memorial 2019"]
[Site "Yerevan"]
[Date "2019.06.16"]
[Round "6.11"]
[White "Sargsyan, Tigran R."]
[Black "Basencyan, Mark"]
[Result "1-0"]
[WhiteElo "2367"]
[BlackElo "2154"]
[Annotator "TA"]
[PlyCount "67"]
[EventDate "2019.06.11"]
[EventType "swiss"]
[EventCountry "ARM"]
[SourceTitle "playchess.com"]
[Source "ChessBase"]
[SourceQuality "1"]

{[%evp 17,67,62,101,95,97,92,118,108,131,72,155,81,183,55,58,49,89,79,204,191,205,185,202,202,254,257,254,229,292,297,273,269,277,279,281,294,284,231,366,306,381,270,469,467,612,620,822,827,1617,1675,1978,1818]} 1. d4 Nf6 2. c4 g6 3. Nc3 Bg7 4. e4 d6 5. Be2 O-O 6. Be3 Nbd7 7. Nf3 e5 8. O-O Re8 9. d5 Nc5 10. Nd2 $1 {E94: King's Indian: Classical: 6 Be2 e5 7 0-0: Various Black 7th moves} a5 11. a3 Nfd7 {[#]} 12. b4 $1 {[%cal Rb4c5] White is better.} Na6 (12... axb4 13. axb4 Rxa1 14. Qxa1 Na6 15. Qa3 f5 16. f3 f4 17. Bf2 Bf8 {½-½ (61) Socko,M (2462)-Hoolt,S (2398) Riga 2017}) 13. Qb3 $146 (13. c5 $142) ({Predecessor:} 13. c5 f5 14. Bxa6 Rxa6 15. f3 f4 16. Bf2 dxc5 17. bxc5 {½-½ (60) Birjukov,S (2273)-Pigula,M (2093) Mielno 2007}) 13... Bf8 (13... f5 $142) 14. Rfd1 (14. c5 $142) 14... Be7 {[#]} (14... f5 $16 {is a better defense.}) 15. f3 (15. c5 $1 $18) 15... Bg5 $14 16. Nb5 Bxe3+ 17. Qxe3 Qh4 (17... b6 $16) 18. c5 $18 dxc5 19. bxc5 {[%cal Bb4c5,Bc5d6][%mdl 32]} Qe7 20. d6 cxd6 21. cxd6 Qd8 22. Nc4 Ndc5 23. Rd5 b6 24. Rxe5 Be6 25. Rg5 f6 26. Rg3 Rb8 27. h4 Qd7 (27... Bd7 {keeps fighting.}) 28. Rb1 Qf7 29. Qd4 Red8 $2 (29... Kh8 {was necessary.} 30. Nc3 Qf8) 30. f4 {White is clearly winning.} Bd7 31. f5 Be8 32. Ne3 Nb3 {[#]} 33. Rxb3 $1 {[%mdl 576] Decoy} Qxb3 34. Bc4+ {[%mdl 64] Double Attack. Accuracy: White = 57%, Black = 19%.} 1-0

[Event "12th Asrian Memorial 2019"]
[Site "Yerevan"]
[Date "2019.06.16"]
[Round "6.13"]
[White "Shmavonyan, Areg"]
[Black "Kulaots, Kaido"]
[Result "0-1"]
[WhiteElo "2180"]
[BlackElo "2574"]
[Annotator "ChessBase"]
[PlyCount "76"]
[EventDate "2019.06.11"]
[EventType "swiss"]
[EventCountry "ARM"]
[SourceTitle "playchess.com"]
[Source "ChessBase"]
[SourceQuality "1"]
[TimeControl "40/5400+30:1800+30"]

1. d4 {[%emt 0:00:00]} Nf6 {[%emt 0:00:00]} 2. Nf3 {[%emt 0:00:00]} g6 {[%emt 0:01:19]} 3. Bf4 {[%emt 0:00:00]} Bg7 {[%emt 0:00:15]} 4. e3 {[%emt 0:00:00]} d6 {[%emt 0:01:48]} 5. h3 {[%emt 0:00:00]} O-O {[%emt 0:01:01]} 6. Be2 {[%emt 0:00:04]} c5 {[%emt 0:01:58]} 7. c3 {[%emt 0:00:06]} b6 {[%emt 0:05:52]} 8. O-O {[%emt 0:00:18]} Bb7 {[%emt 0:00:33]} 9. Nbd2 {[%emt 0:00:17]} Nbd7 {[%emt 0:00:52]} 10. Bh2 {[%emt 0:00:18]} Ne4 {[%emt 0:09:38]} 11. a4 {[%emt 0:07:26]} a6 {[%emt 0:02:05]} 12. Bd3 {[%emt 0:02:47]} Nxd2 {[%emt 0:00:30]} 13. Nxd2 {[%emt 0:00:46]} Qc7 {[%emt 0:06:13]} 14. Qe2 {[%emt 0:13:29]} Rfc8 {[%emt 0:09:57]} 15. f4 {[%emt 0:11:27]} f5 {[%emt 0:05:24]} 16. g4 {[%emt 0:19:16]} e6 {[%emt 0:02:02]} 17. Bg3 {[%emt 0:02:37]} Nf6 {[%emt 0:03:13]} 18. Kh2 {[%emt 0:04:16]} Re8 {[%emt 0:00:39]} 19. Rg1 {[%emt 0:03:39]} Kh8 {[%emt 0:00:39]} 20. Raf1 {[%emt 0:02:05]} Bc6 {[%emt 0:09:32]} 21. Bc2 {[%emt 0:19:44]} cxd4 {[%emt 0:08:56]} 22. exd4 {[%emt 0:02:01]} b5 {[%emt 0:00:15]} 23. axb5 {[%emt 0:01:18]} axb5 {[%emt 0:00:28]} 24. Bb1 {[%emt 0:02:48]} Rab8 {[%emt 0:01:26]} 25. Re1 {[%emt 0:01:04]} Qa7 {[%emt 0:11:58]} 26. Bf2 {[%emt 0:01:01]} Nd5 {[%emt 0:00:32]} 27. Bg3 {[%emt 0:00:52]} b4 {[%emt 0:02:31]} 28. c4 {[%emt 0:00:40]} Nc3 {[%emt 0:01:42]} 29. bxc3 {[%emt 0:02:09]} bxc3 {[%emt 0:00:04]} 30. Nf1 {[%emt 0:02:24]} Rb2 {[%emt 0:01:37]} 31. Bc2 {[%emt 0:00:05]} Bxd4 {[%emt 0:03:16]} 32. Rg2 {[%emt 0:00:21]} Reb8 {[%emt 0:02:36]} 33. Rc1 {[%emt 0:01:18]} Be4 {[%emt 0:01:09]} 34. Rf2 {[%emt 0:00:36]} Bxc2 {[%emt 0:00:29]} 35. Rxc2 {[%emt 0:00:39]} Rxc2 {[%emt 0:00:05]} 36. Qxc2 {[%emt 0:00:23]} Rb2 {[%emt 0:00:09]} 37. Qd3 {[%emt 0:00:51]} Bxf2 {[%emt 0:00:16]} 38. Kh1 {[%emt 0:01:18] Qb} Qb7+ {[%emt 0:00:09]} 0-1

[Event "12th Asrian Memorial 2019"]
[Site "Yerevan"]
[Date "2019.06.17"]
[Round "7.1"]
[White "Sargsyan, Shant"]
[Black "Onischuk, Vladimir"]
[Result "*"]
[WhiteElo "2512"]
[BlackElo "2630"]
[Annotator "RC"]
[PlyCount "63"]
[EventDate "2019.06.11"]
[EventType "swiss"]
[EventCountry "ARM"]
[SourceTitle "playchess.com"]
[Source "ChessBase"]
[SourceQuality "1"]
[TimeControl "40/5400+30:1800+30"]

1. d4 {[%emt 0:00:44]} Nf6 {[%emt 0:00:00]} 2. c4 {[%emt 0:00:54]} g6 {[%emt 0:00:00]} 3. Nc3 {[%emt 0:00:53]} Bg7 {[%emt 0:00:00]} 4. e4 {[%emt 0:00:56]} O-O {[%emt 0:00:05]} 5. Nf3 {[%emt 0:02:36]} d6 {[%emt 0:00:48]} 6. h3 {[%emt 0:00:23]} Nfd7 {[%emt 0:04:04]} 7. Bg5 {[%emt 0:04:27]} h6 {[%emt 0:07:11]} 8. Be3 {[%emt 0:01:06]} e5 {[%emt 0:00:51]} 9. Be2 {[%emt 0:04:36]} c5 {[%emt 0:14:25]} 10. dxc5 {[%emt 0:07:38]} dxc5 {[%emt 0:00:12]} 11. Qd5 {[%emt 0:02:29]} Qe7 {[%emt 0:15:19]} 12. Qd2 {[%emt 0:06:54]} Kh7 {[%emt 0:00:24]} 13. Nd5 {[%emt 0:02:10]} Qd6 {[%emt 0:11:50]} 14. g4 {[%emt 0:05:37]} Rd8 {[%emt 0:01:41]} 15. g5 {[%emt 0:18:36]} h5 {[%emt 0:03:16]} 16. Nh4 {[%emt 0:01:06]} Nc6 {[%emt 0:07:54]} 17. Bxh5 {[%emt 0:01:09]} Nd4 {[%emt 0:05:43]} 18. Bg4 {[%emt 0:10:47]} b5 {[%emt 0:01:37]} 19. O-O {[%emt 0:05:22]} Nb6 {[%emt 0:02:39]} 20. f4 {[%emt 0:14:36]} Nxc4 {[%emt 0:01:25]} 21. Qf2 {[%emt 0:00:39]} Nxe3 {[%emt 0:16:33]} 22. Qxe3 {[%emt 0:00:01]} Bxg4 {[%emt 0:02:00]} 23. hxg4 {[%emt 0:00:41]} exf4 {[%emt 0:01:21]} 24. Rxf4 {[%emt 0:01:33]} Re8 {[%emt 0:01:33]} 25. Nf6+ {[%emt 0:01:38]} Bxf6 {[%emt 0:00:16]} 26. Rxf6 {[%emt 0:00:06]} Qd7 {[%emt 0:00:58]} 27. Qh3 {[%emt 0:01:24]} Ne2+ {[%emt 0:00:40]} 28. Kh1 {[%emt 0:01:47]} Kg7 {[%emt 0:00:23]} 29. Nf5+ {[%emt 0:01:15]} gxf5 {[%emt 0:00:15]} 30. Qh6+ {[%emt 0:00:04]} Kg8 {[%emt 0:00:07]} 31. g6 {[%emt 0:00:10]} Ng3+ {[%emt 0:00:35]} 32. Kg2 {[%emt 0:00:15]} *

[Event "12th Asrian Memorial 2019"]
[Site "Yerevan"]
[Date "2019.06.17"]
[Round "7.2"]
[White "Davtyan, Artur"]
[Black "Andriasian, Zaven"]
[Result "1/2-1/2"]
[WhiteElo "2431"]
[BlackElo "2600"]
[Annotator "TA"]
[PlyCount "20"]
[EventDate "2019.06.11"]
[EventType "swiss"]
[EventCountry "ARM"]
[SourceTitle "playchess.com"]
[Source "ChessBase"]
[SourceQuality "1"]

{[%evp 11,20,11,20,26,17,12,12,8,20,10,14]} 1. d4 e6 2. Nf3 c5 3. e3 Nf6 4. Be2 b6 5. O-O Bb7 6. c4 Be7 7. Nc3 {A47: 1 d4 Nf6 2 Nf3 b6: Torre, London and Colle Systems} cxd4 8. Nxd4 {The position is equal.} Nc6 (8... O-O 9. b3 a6 10. Bb2 d6 11. Bf3 Qc8 12. Re1 Nbd7 13. Bxb7 Qxb7 14. e4 Rac8 {0-1 (40) Zatonskih,A (2424)-Chigaev,M (2579) Liepaja 2017}) 9. Nxc6 $146 ({Predecessor:} 9. b3 O-O 10. Bb2 a6 11. Bf3 Qc7 12. Nxc6 Bxc6 13. Rc1 Qb7 14. Bxc6 Qxc6 15. Qd3 Rfd8 16. Rfd1 Rac8 17. h3 Qb7 18. Qe2 h6 19. Rd2 {½-½ (19) Skembris,S (2405)-Arnason,J (2460) Bela Crkva 1983}) 9... Bxc6 10. b3 O-O 1/2-1/2

[Event "12th Asrian Memorial 2019"]
[Site "Yerevan"]
[Date "2019.06.17"]
[Round "7.3"]
[White "Mikaelyan, Arman"]
[Black "Gharibyan, Mamikon"]
[Result "*"]
[WhiteElo "2453"]
[BlackElo "2320"]
[Annotator "TA"]
[PlyCount "19"]
[EventDate "2019.06.11"]
[EventType "swiss"]
[EventCountry "ARM"]
[SourceTitle "playchess.com"]
[Source "ChessBase"]
[SourceQuality "1"]

{[%evp 9,19,14,5,9,50,16,10,14,15,16,14,0]} 1. e4 e5 2. Nf3 Nc6 3. d4 exd4 4. Nxd4 Qf6 5. Nf3 Bb4+ 6. Nbd2 {C45: Scotch Game} a5 $146 ({Predecessor:} 6... d6 7. Be2 Bg4 8. O-O O-O-O 9. c3 Bc5 10. b4 Bxb4 11. Qa4 Bc5 12. e5 Nxe5 13. Ne4 {0-1 (43) Navara,D (2751)-Krasenkow,M (2610) Montpellier 2015}) 7. Be2 Nge7 {The position is equal.} 8. O-O O-O 9. Nc4 d6 10. Be3 *

[Event "12th Asrian Memorial 2019"]
[Site "Yerevan"]
[Date "2019.06.17"]
[Round "7.4"]
[White "Shahinyan, David"]
[Black "Harutyunian, Tigran K."]
[Result "*"]
[WhiteElo "2429"]
[BlackElo "2552"]
[Annotator "TA"]
[PlyCount "27"]
[EventDate "2019.06.11"]
[EventType "swiss"]
[EventCountry "ARM"]
[SourceTitle "playchess.com"]
[Source "ChessBase"]
[SourceQuality "1"]

{[%evp 14,27,-12,-12,0,0,-12,-21,-28,-54,0,0,0,0,-33,-11]} 1. e4 e5 2. Nf3 Nc6 3. d4 exd4 4. Nxd4 Nf6 5. Nxc6 bxc6 6. e5 Qe7 7. Qe2 Nd5 8. h4 Qe6 {C45: Scotch Game} 9. Nd2 d6 10. Nf3 $146 ({Predecessor:} 10. exd6 Bxd6 11. Nc4 Bc5 12. a3 O-O 13. Qxe6 Bxe6 14. Bd3 Rfe8 15. O-O a5 16. Ne5 {½-½ (38) Caruana,F (2828)-Robson,R (2667) Saint Louis 2019}) 10... dxe5 11. c4 Bb4+ 12. Bd2 Bxd2+ 13. Kxd2 Qh6+ 14. Ke1 *

[Event "12th Asrian Memorial 2019"]
[Site "Yerevan"]
[Date "2019.06.17"]
[Round "7.5"]
[White "Hayrapetyan, Hovik"]
[Black "Gholami Orimi, Mahdi"]
[Result "1-0"]
[WhiteElo "2449"]
[BlackElo "2445"]
[Annotator "TA"]
[PlyCount "59"]
[EventDate "2019.06.11"]
[EventType "swiss"]
[EventCountry "ARM"]
[SourceTitle "playchess.com"]
[Source "ChessBase"]
[SourceQuality "1"]

{[%evp 12,59,0,0,11,0,-2,-6,3,0,16,22,54,52,53,44,82,62,58,63,67,66,74,69,59,54,84,75,123,116,114,124,120,122,141,116,542,541,695,687,677,662,1163,1159,1160,1145,1102,1077,2828,2701]} 1. d4 Nf6 2. Nf3 e6 3. g3 b5 4. Bg2 Bb7 5. O-O c5 6. c3 Be7 7. a4 b4 {A46: 1 d4 Nf6 2 Nf3 e6: Torre, London and Colle Systems} 8. cxb4 cxb4 9. Nbd2 d5 $146 {The position is equal.} ({Predecessor:} 9... O-O 10. a5 d5 11. Nb3 Ba6 12. Ne5 Nfd7 13. Be3 Nxe5 14. dxe5 Nc6 15. f4 {0-1 (92) Kravtsiv,M (2621)-Moiseenko,A (2692) Berlin 2015}) 10. Nb3 a5 11. Bf4 Nfd7 12. Qd3 $36 {[%mdl 2048] White has the initiative.} g5 {Threatens to win with ...Ba6.} 13. Be3 g4 14. Ne5 Ba6 15. Qd2 Nxe5 16. dxe5 Nc6 17. Bf4 Rc8 18. Rac1 {[%cal Ba1c1,Bc1c2,Bc2c5,Bc5d5,Bd5b5][%mdl 32]} Bc4 {[#]} 19. Qe3 $1 h5 20. Rfd1 {Rxc4! is the strong threat.} Qc7 21. Nd2 {[%cal Bb3d2,Bd2e4,Be4f6][%mdl 32]} Ba6 {[#]} 22. Rc2 $1 Qb7 23. Rdc1 Bd8 $2 {[%mdl 8192] [#]} (23... Qd7 $16 {is a better chance.}) 24. Ne4 $1 $18 {[%mdl 512] White is clearly winning.} Be7 {If Black can now play ...b3 this consolidates a bit.} (24... dxe4 25. Bxe4) 25. Nf6+ Bxf6 26. exf6 {Strongly threatening Bxd5.} b3 27. Rc5 Bc4 28. Bxd5 Bxd5 29. Rxd5 Nb4 30. Rb5 {Accuracy: White = 98%, Black = 37%.} 1-0

[Event "12th Asrian Memorial 2019"]
[Site "Yerevan"]
[Date "2019.06.17"]
[Round "7.6"]
[White "Kulaots, Kaido"]
[Black "Sargsyan, Tigran R."]
[Result "*"]
[WhiteElo "2574"]
[BlackElo "2367"]
[Annotator "TA"]
[PlyCount "27"]
[EventDate "2019.06.11"]
[EventType "swiss"]
[EventCountry "ARM"]
[SourceTitle "playchess.com"]
[Source "ChessBase"]
[SourceQuality "1"]

{[%evp 16,27,12,6,26,21,29,33,34,34,39,27,32,4]} 1. e4 e6 2. d4 d5 3. Nc3 Nf6 4. e5 Nfd7 5. f4 c5 6. Nf3 Nc6 7. Be3 Be7 8. Qd2 O-O 9. dxc5 Bxc5 {C11: French: Classical System: 4 e5 and 4 Bg5 dxe4} (9... Nxc5 10. O-O-O a6 11. h4 b5 12. Bd3 b4 13. Bxc5 Bxc5 14. Na4 Ba7 15. Qe2 f5 16. g4 Ne7 17. Ng5 {0-1 (45) Caruana,F (2828)-Nyzhnyk,I (2638) chess.com INT 2019}) 10. O-O-O Qa5 11. a3 Rd8 12. Bxc5 Nxc5 13. Qe3 Qb6 {[#] And now ...Nb3+! would win.} 14. Nb5 $146 ({Predecessor:} 14. Nd4 Ne7 15. g4 Bd7 16. h4 Rac8 17. Bh3 {1-0 (58) Wu,L (2001)-Nguyen,A (2240) Wuerzburg 2018}) *

[Event "12th Asrian Memorial 2019"]
[Site "Yerevan"]
[Date "2019.06.17"]
[Round "7.7"]
[White "Martirosyan, Haik M."]
[Black "Akopov, Roman"]
[Result "1-0"]
[WhiteElo "2635"]
[BlackElo "2264"]
[Annotator "TA"]
[PlyCount "79"]
[EventDate "2019.06.11"]
[EventType "swiss"]
[EventCountry "ARM"]
[SourceTitle "playchess.com"]
[Source "ChessBase"]
[SourceQuality "1"]

{[%evp 13,79,13,16,16,19,10,35,36,40,41,88,29,49,14,18,12,52,25,21,5,64,47,34,22,29,-3,29,-7,51,52,46,37,48,45,87,48,78,56,77,77,56,77,86,86,93,81,101,101,89,94,101,101,101,101,108,93,102,93,102,102,109,120,130,102,345,185,744,730]} 1. e4 e5 2. Nf3 Nc6 3. Bc4 Bc5 4. d3 Nf6 5. Bg5 h6 6. Bh4 d6 7. c3 a6 8. a4 {C54: Giuoco Piano: 4 c3 Nf6, main lines with 5 d4 and 5 d3} g5 (8... Ba7 9. Nbd2 g5 10. Bg3 Qe7 11. Nf1 Be6 12. Qe2 O-O-O 13. Bxe6+ Qxe6 14. Ne3 d5 15. Nf5 Nh5 {0-1 (49) Lu,S (2636)-Sethuraman,S (2664) Tianjin 2018}) 9. Bg3 $1 Be6 10. Nbd2 {White is slightly better.} Bxc4 $146 ({Predecessor:} 10... Nh5 11. b4 Ba7 12. b5 Na5 13. Bxe6 fxe6 {½-½ (24) Fakhrutdinov,T (2472)-Moroni,L (2554) Porto Carras 2018}) 11. Nxc4 b5 12. Ncd2 (12. Ne3 $16) 12... Rb8 13. axb5 axb5 14. O-O Kf8 15. Kh1 Kg7 16. Qc2 Nd7 ({Better is} 16... Bb6 $11) 17. b4 Bb6 18. Nb3 Nf8 19. Nfd2 Ne6 20. f3 (20. d4 {looks sharper.} exd4 21. f4 gxf4 22. Bxf4 Kg8 23. Bg3) 20... Qf8 (20... h5 $11) 21. Bf2 $14 Bxf2 22. Rxf2 Ne7 23. d4 f6 24. Nf1 h5 25. Ne3 h4 26. Rff1 Qc8 27. Ra5 Kf7 28. Rfa1 Nf4 29. Ra7 Nc6 30. R7a6 Ne7 31. Nc1 Qe6 32. Nd3 Nxd3 33. Qxd3 Rb7 34. h3 Rhb8 35. Kh2 Ng6 36. Qd1 Nf4 37. Ra7 Qc8 38. Nf5 Ng6 $2 (38... Kf8 $16) 39. dxe5 (39. Rxb7 $142 Qxb7 40. Qb3+ d5 41. exd5) 39... Nxe5 $2 {[#]} (39... fxe5 40. Qxd6 (40. Qd5+ Kf6 $14) 40... cxd6 41. Nxd6+ {[%mdl 64] Double Attack, Pin} Kf6 42. Nxc8 Rxa7 43. Nxa7 Nf4 44. Ra6+ Kg7) 40. f4 $1 {[%mdl 512] Accuracy: White = 46%, Black = 22%.} 1-0